Más allá de la fábrica: los desafíos teóricos del trabajo no clásico y la producción inmaterial /

En este se presenta la problematización del concepto de servicio y la atención sobre las producciones "inmateriales", las cuales contribuyen a aprehender las nuevas realidades laborales; orientando en el análisis, la distinción entre trabajo clásico -en su origen, propio de la industria- y...

Ausführliche Beschreibung

Gespeichert in:
Bibliographische Detailangaben
1. Verfasser: Garza Toledo, Enrique de la
Format: Text
Schlagworte:
Tags: Tag hinzufügen
Keine Tags, Fügen Sie den ersten Tag hinzu!

MARC

LEADER 00000 a a2200000 04500
001 44105
003
040
100 |a Garza Toledo, Enrique de la  
245 |a Más allá de la fábrica:   |b los desafíos teóricos del trabajo no clásico y la producción inmaterial /  |c Enrique de la Garza Toledo  
520 |a En este se presenta la problematización del concepto de servicio y la atención sobre las producciones "inmateriales", las cuales contribuyen a aprehender las nuevas realidades laborales; orientando en el análisis, la distinción entre trabajo clásico -en su origen, propio de la industria- y trabajo no clásico -en el que el cliente u otros actores pueden estar involucrados en el propio proceso productivo o distributivo-. De allí se deriva una ampliación no solo del concepto de trabajo sino del concepto de relación laboral, de control sobre el proceso de trabajo y de construcción social de la ocupación. Estas extensiones analíticas no solamente resultan pertinentes para describir antiguas y nuevas formas no clásicas de trabajo, sino para replantear el ámbito de los derechos laborales, las identidades colectivas y las formas de organización de los trabajadores.  
590 |a SJB/NOVIEMBRE2012  
650 |a 1.TRABAJO  
650 |a 2.CONTROL INTERNO  
650 |a 3.CONDICIONES DE TRABAJO  
650 |a 4.RELACIONES LABORALES  
650 |a 5.MERCADO DE TRABAJO  
650 |a 6.DERECHO DEL TRABAJO  
773 |g número232 ( , 2011), páginas 50-70  
999 |c 31356  |d 31356